Score 0/14 Timer 01:00
0 Plays Today
% Correct
Bush, George H.W.
85.5%
Adams, John
85.4%
Johnson, Lyndon B.
84%
Ford, Gerald
83.7%
Johnson, Andrew
72.5%
Truman, Harry S.
72.5%
Nixon, Richard
72%
% Correct
Jefferson, Thomas
71.4%
Coolidge, Calvin
63.8%
Roosevelt, Theodore
62.8%
Arthur, Chester A.
57.8%
Tyler, John
54.6%
Fillmore, Millard
52.4%
Van Buren, Martin
49.2%

Today's Daily Dose

Remove Ads.
Support Sporcle.
Get the best of Sporcle when you Go Orange. This ad-free experience offers more features, more stats, and more fun while also helping to support Sporcle. Thank you for becoming a member.

You're not logged in!

Compare scores with friends on all Sporcle quizzes.
OR
Log In

Show Comments

Extras

Top Quizzes Today


Score Distribution

Your Account Isn't Verified!

In order to create a playlist on Sporcle, you need to verify the email address you used during registration. Go to your Sporcle Settings to finish the process.

Report this User

Report this user for behavior that violates our Community Guidelines.

Details: